Financial Accounting: an introduction to concepts, methods, and uses (Record no. 6098)

MARC details
000 -LEADER
fixed length control field 00623nam a22002057a 4500
003 - CONTROL NUMBER IDENTIFIER
control field OSt
005 - DATE AND TIME OF LATEST TRANSACTION
control field 20211206161805.0
008 - FIXED-LENGTH DATA ELEMENTS--GENERAL INFORMATION
fixed length control field 180423b xxu||||| |||| 00| 0 eng d
020 ## - INTERNATIONAL STANDARD BOOK NUMBER
International Standard Book Number 1133366171
040 ## - CATALOGING SOURCE
Transcribing agency DDC
082 ## - DEWEY DECIMAL CLASSIFICATION NUMBER
Classification number 657 WEI 2013
100 ## - MAIN ENTRY--PERSONAL NAME
Personal name Wei, Roam L.; Schipper, Katherine; Jennifer,Francis
9 (RLIN) 12621
245 ## - TITLE STATEMENT
Title Financial Accounting: an introduction to concepts, methods, and uses
250 ## - EDITION STATEMENT
Edition statement 14th ed.
260 ## - PUBLICATION, DISTRIBUTION, ETC. (IMPRINT)
Place of publication, distribution, etc. USA; Cengage Learning, 2013
300 ## - PHYSICAL DESCRIPTION
Extent xvii,936p; col.ill: 28cm
504 ## - BIBLIOGRAPHY, ETC. NOTE
Bibliography, etc Appendices, glossary, & index included
650 ## - SUBJECT ADDED ENTRY--TOPICAL TERM
Topical term or geographic name as entry element Financial accounting
9 (RLIN) 5655
942 ## - ADDED ENTRY ELEMENTS (KOHA)
Source of classification or shelving scheme Dewey Decimal Classification
Koha item type Book Bank
Holdings
Withdrawn status Lost status Source of classification or shelving scheme Damaged status Not for loan Home library Current library Date acquired Source of acquisition Inventory number Total Checkouts Full call number Barcode Date last seen Koha item type
    Dewey Decimal Classification     Faculty of Management Science Library Faculty of Management Science Library 23/04/2018   17/40540   657 WEI 2013 2018-0247 23/04/2018 Book Bank